000
00269nam a22001097a 4500
008
160518b xxu||||| |||| 00| 0 eng d
020
_a
007252569X
041
_a
eng
080
_a
61
245
_a
Core concepts in health;
_c
Paul M. Insel; Walton T. Roth;
942
_2
udc
_c
BK
999
_c
2206
_d
2206